000 00433nmm a2200157Ia 4500
008 251105s9999||||xx |||||||||||||||||und||
041 _aspa
100 _aMalinky, Selyna
245 0 _aEstrategias del amor
264 _a[Madrid, España] :
_bEditorial Egales,
_c2018
300 _a291 páginas
490 _aNarrativa
650 _aEnglish Narrative
856 _uhttps://public.digitaliapublishing.com/a/160860
942 _cCF
999 _c100210
_d100210